000 00494nam a22001577a 4500
082 _aPhD-ESE-15
100 _aAhmad, Nabila (115340)
_9132258
245 _aOptimization, Control and Management in Microgrids using Metaheuristic Algorithms /
264 _aIslamabad :
_bUSPCAS-E,
_cDecember, 2025.
300 _axx, 168 p.
_e+CD
520 _aPhD-ESE-15
650 _aPhD ESE Thesis
_9116794
650 _aPhD Thesis
_919283
700 _aDr. Hassan Abdullah Khalid
_928912
942 _2ddc
_cTHE
999 _c615502
_d615502